000 02850nam0a2200397 4500
001 RU\NLR\BIBL_A\011910863
005 20240702145228.0
010 _a978-5-4263-0691-2
_9500
021 _aRU
_bКН-П-18-094604
_9КН-П-18-6866
035 _a(NLR Aleph) 011910863
035 _a(RuMoRGB)009837369
090 _a10935475
_c10935475
100 _a20190116d2018 k y0rusy50 ca
101 0 _arus
_deng
102 _aRU
105 _ac|||z|||110zy
200 1 _aСемантика народной культуры в литературе
_eматериалы Международной научно-практической конференции, 15-16 марта 2018 г.
_fМинистерство науки и высшего образования Российской Федерации, Федеральное государственное бюджетное образовательное учреждение высшего образования "Московский педагогический государственный университет", Институт филологии
_g[сост.: Е.М. Жабина
_gпод научной ред. Л.А. Трубиной и др.]
210 _aМосква
_cМПГУ
_d2018
215 _a167 с.
_cпортр.
_d20
300 _aРез. англ.
300 _a210-летию со дня рождения П.В. Киреевского, 180-летию со дня рождения А.Н. Веселовского посвящ.
320 _aБиблиогр. в конце ст.
606 1 _aРусский фольклор и литература
_jСъезды, совещания и т.п
_2nlr_sh1
_2nlr_sh2
_3RU\NLR\AUTH\66106988
606 1 _aРусская литература
_xСвязи
_xРусский фольклор
_jСъезды, совещания и т.п
_2nlr_sh2
_3RU\NLR\AUTH\661512272
686 1 _aШ3(2=1Р)-316
686 1 _aШ5(2=Р)-312
702 1 _aЖабина
_bЕ. М.
_cканд. филол. наук, русская литература
_gЕлена Михайловна
_3RU\NLR\AUTH\770182928
_4220
702 1 _aТрубина
_bЛ. А.
_f1953-
_gЛюдмила Александровна
_4340
711 1 2 _a"Семантика народной культуры в литературе", международная научно-практическая конференция
_f2018
_eМосква
_3RU\NLR\AUTH\880492978
712 0 2 _aМосковский педагогический государственный университет
_bИнститут филологии
_3RU\NLR\AUTH\880469631
_4570
942 _cBOOK
980 _aNBR
980 _aNB